Normal view
MARC view
- Ethnology
Entry Topical Term
001 - CONTROL NUMBER
- control field: 3757
003 - CONTROL NUMBER IDENTIFIER
- control field: NUST
005 - DATE AND TIME OF LATEST TRANSACTION
- control field: 20170806142922.0
008 - FIXED-LENGTH DATA ELEMENTS
- fixed length control field: 170806|| aca||aabn | a|a d
040 ## - CATALOGING SOURCE
- Original cataloging agency: NUST
- Transcribing agency: NUST
150 ## - HEADING--TOPICAL TERM
- Topical term or geographic name entry element: Ethnology
- Geographic subdivision: Pakistan
- Geographic subdivision: Khyber Pakhtunkhwa.
670 ## - SOURCE DATA FOUND
- Source citation: Work cat.: (NUST)0: Wylly, H. C. (Harold Carmichael), 1858-1932. 3756, From the black mountain to Waziristan /, 2003.
